000 00304nam a2200133 a 4500
008 090929s1988|||| d
100 1 _aAngelov,C.
245 1 0 _aZlatokopovia
260 _bKošice
_aVýchodoslov. vyd.
_c1988
020 _c22.-
041 _aslo
044 _axo
_cSK
080 _a886.7-3 /087.5/
999 _c13
_d13